Renewable energy : (Record no. 19493)
[ view plain ]
| 000 -LEADER | |
|---|---|
| fixed length control field | 01354cam a22002415a 4500 |
| 001 - CONTROL NUMBER | |
| control field | 17468424 |
| 005 - DATE AND TIME OF LATEST TRANSACTION | |
| control field | 20150608134542.0 |
| 008 - FIXED-LENGTH DATA ELEMENTS--GENERAL INFORMATION | |
| fixed length control field | 120919t2013 fluado frb 001 0 eng d |
| 020 ## - INTERNATIONAL STANDARD BOOK NUMBER | |
| International Standard Book Number | 9781439861158 |
| 040 ## - CATALOGING SOURCE | |
| Original cataloging agency | DLC |
| Language of cataloging | eng |
| Transcribing agency | DLC |
| Modifying agency | DLC |
| -- | EG-ScBUE |
| 082 04 - DEWEY DECIMAL CLASSIFICATION NUMBER | |
| Classification number | 621.042 |
| Item number | EHR |
| Edition number | 22 |
| 100 1# - MAIN ENTRY--PERSONAL NAME | |
| Personal name | Ehrlich, Robert, |
| Dates associated with a name | 1938- |
| 245 10 - TITLE STATEMENT | |
| Title | Renewable energy : |
| Remainder of title | a first course / |
| Statement of responsibility, etc | Robert Ehrlich. |
| 260 ## - PUBLICATION, DISTRIBUTION, ETC. (IMPRINT) | |
| Place of publication, distribution, etc | Boca Raton : |
| Name of publisher, distributor, etc | CRC Press / Taylor & Francis, |
| Date of publication, distribution, etc | c.2013. |
| 300 ## - PHYSICAL DESCRIPTION | |
| Extent | xix, 442 p. ; |
| Other physical details | charts, tables, photographs ; |
| Dimensions | 28 cm. |
| 500 ## - GENERAL NOTE | |
| General note | Index : p. 437-442. |
| 504 ## - BIBLIOGRAPHY, ETC. NOTE | |
| Bibliography, etc | Includes bibliographical references. |
| 520 ## - SUMMARY, ETC. | |
| Summary, etc | "If you are a student in one of the sciences or engineering who has taken a few introductory courses in physics and calculus, I think you'll like this book. That's because it looks at a variety of technologies in renewable energy, and explains things starting with basic principles. It avoids if at all possible technical jargon, and very mathematically advanced approaches found in many books on the subject. It is also not overly long, unlike many other energy books, and its 14 chapters should easily fit within a standard semester, at least in most schools in the United States." |
| 650 #0 - SUBJECT ADDED ENTRY--TOPICAL TERM | |
| Topical term or geographic name as entry element | Renewable energy sources. |
| Source of heading or term | BUEsh |
| 653 ## - INDEX TERM--UNCONTROLLED | |
| Resource For college | Engineering, General |
| Arrived date list | June2015 |
| 655 ## - INDEX TERM--GENRE/FORM | |
| Form subdivision | |
| -- | 34232 |
| 942 ## - ADDED ENTRY ELEMENTS (KOHA) | |
| Source of classification or shelving scheme | Dewey Decimal Classification |
| Call number prefix | 621.042 EHR |
| Withdrawn status | Item status | Source of classification or shelving scheme | Damaged status | Not for loan | Vendor | Home library | Current library | Shelving location | Date acquired | Source of acquisition | Total Checkouts | Total Renewals | Full call number | Barcode | Date last seen | Date last borrowed | Koha item type |
|---|---|---|---|---|---|---|---|---|---|---|---|---|---|---|---|---|---|
| Dewey Decimal Classification | Baccah | Central Library | Central Library | First floor | 04/06/2015 | 1 | 1 | 621.042 EHR | 000038424 | 15/07/2025 | 02/04/2019 | Book - Borrowing |